Statistiken für Liedtext - Generation YouPorn - Faber

Klicken Sie hier um das Quiz zu spielen!

Allgemein

  • Dieses Quiz wurde 23 mal gespielt
  • Das Durchschnittsergebnis liegt bei 244 aus 320

Antwortstatistiken

Textquiz% Korrekt
da
100%
Du
100%
du
100%
Generation
94%
ich
94%
Ich
94%
nicht
94%
YouPorn
94%
das
88%
gerne
88%
in
88%
See
88%
Und
88%
und
88%
weiß
88%
weißt
88%
wie
88%
den
82%
dich
82%
die
82%
doch
82%
es
82%
Es
82%
ist
82%
Liebe
82%
nackt
82%
so
82%
springst
82%
würdest
82%
bin
76%
dass
76%
dem
76%
Der
76%
geht
76%
im
76%
kann
76%
machen
76%
mal
76%
Spiegel
76%
Testo-Spritzen
76%
vor
76%
wer
76%
wichsen
76%
zu
76%
China
71%
dumm
71%
Fliegst
71%
gibt
71%
gut
71%
Hab
71%
Klimakonferenz
71%
Lima
71%
mehr
71%
mir
71%
mit
71%
Mit
71%
nach
71%
'ner
71%
schön
71%
Urlaub
71%
verdienen
71%
verstehen
71%
viel
71%
ziehen
71%
alles
65%
aus
65%
Auto
65%
Bioladen
65%
deiner
65%
dir
65%
erklären
65%
fahren
65%
froh
65%
Graben
65%
Hast
65%
hin
65%
kannst
65%
kaufst
65%
krieg'
65%
lieg'
65%
Promille
65%
Rad
65%
regional
65%
sei
65%
überhaupt
65%
Versehen
65%
vier
65%
vor'm
65%
Welt
65%
Alt
59%
anderes
59%
dafür
59%
gesehen
59%
Jahren
59%
Jung
59%
Kleinlichkeit
59%
Kopf
59%
Man
59%
neue
59%
Schieß'
59%
Sicherheit
59%
um
59%
Fitnessstudio
53%
früh
53%
ins
53%
lustig
53%
sagt
53%
seit
53%
sieben
53%
sterben
53%
Guten
47%
Zusammenhang
47%
nix
41%

Verteilung der Resultate

Perzentil nach korrekt beantworteten Fragen

Anzahl Personen mit jedem Resultat

Ihre Resultats-Entwicklung

Sie haben dieses Quiz noch nicht gespielt